[Event "14. Lichtenberger Sommer"]
[Site "14. Lichtenberger Sommer"]
[Date "2015.08.17"]
[Round "3.89"]
[White "Boeck, Rüdiger"]
[Black "Wölfert, Jürgen"]
[Result "1-0"]
[WhiteElo "1815"]
[BlackElo "1776"]
[PlyCount "81"]
[EventDate "2015.??.??"]
[WhiteTeam "SC Weiße Dame Ulm"]
[BlackTeam "BSC Rehberge 1945 e.V."]

1. e4 e6 2. d4 d5 3. exd5 exd5 4. Nf3 Nf6 5. Bg5 Be7 6. Bd3 h6 7. Bh4 O-O 8. c3
Re8 9. O-O Bg4 10. h3 Bh5 11. Nbd2 Ne4 12. Bxe7 Qxe7 13. Qc2 Nd7 14. Rfe1 f5
15. Nh2 Qd6 16. f3 Nxd2 17. Qxd2 Rf8 18. Qc2 Qf4 19. Qb3 Bf7 20. Nf1 Nf6 21.
Re5 g6 22. Rae1 h5 23. Qxb7 Rab8 24. Qxc7 Rxb2 25. R1e2 Rxe2 26. Bxe2 h4 27.
Re7 Qc1 28. c4 dxc4 29. Rxf7 Rxf7 30. Bxc4 Kh8 31. Qxf7 Qg5 32. f4 Qxf4 33.
Qxf6+ Kh7 34. Qf7+ Kh6 35. Qxa7 Qc1 36. Bg8 f4 37. Qc5 Qd1 38. Bd5 Qb1 39. Qf8+
Kg5 40. Qe7+ Kh6 41. Qxh4+ 1-0

[Event "14. Lichtenberger Sommer"]
[Site "14. Lichtenberger Sommer"]
[Date "2015.08.17"]
[Round "3.90"]
[White "Dittrich, Tom"]
[Black "Bernstein, Jeremy"]
[Result "1/2-1/2"]
[WhiteElo "1813"]
[BlackElo "1552"]
[PlyCount "94"]
[EventDate "2015.??.??"]
[WhiteTeam "SG Stadtilm"]
[BlackTeam "SC Kreuzberg"]

1. e4 c6 2. d4 d5 3. Nc3 dxe4 4. Nxe4 Bf5 5. Ng3 Bg6 6. h4 h6 7. Nf3 Nd7 8. h5
Bh7 9. Bd3 Bxd3 10. Qxd3 e6 11. Bf4 Qa5+ 12. Bd2 Bb4 13. c3 Bd6 14. Ne4 Be7 15.
c4 Qc7 16. O-O-O Ngf6 17. Kb1 Nxe4 18. Qxe4 Nf6 19. Qe2 O-O 20. g4 Nh7 21. Ne5
Bf6 22. f4 Bxe5 23. dxe5 Rad8 24. g5 Rfe8 25. gxh6 gxh6 26. Qf2 f5 27. exf6
Nxf6 28. Rdg1+ Kh7 29. Bc3 Ne4 30. Qc2 Qxf4 31. Rg7+ Kh8 32. Rxb7+ Nxc3+ 33.
Qxc3+ Qd4 34. Qxd4+ Rxd4 35. Rxa7 Rxc4 36. Rc1 Rxc1+ 37. Kxc1 e5 38. Kd2 Re6
39. Ke3 Rf6 40. Rc7 Rf5 41. Rxc6 Rxh5 42. Ke4 Kg7 43. Re6 Rh2 44. Rb6 Rh5 45.
b4 Rg5 46. Re6 Rg4+ 47. Kf3 Rxb4 1/2-1/2

[Event "14. Lichtenberger Sommer"]
[Site "14. Lichtenberger Sommer"]
[Date "2015.08.17"]
[Round "3.91"]
[White "Schreiber, Wilfried"]
[Black "Zesewitz, Martin"]
[Result "1/2-1/2"]
[WhiteElo "1481"]
[BlackElo "1873"]
[PlyCount "116"]
[EventDate "2015.??.??"]
[WhiteTeam "SC Rochade (Berlin)"]
[BlackTeam "SF Friedrichshagen"]

1. e4 c5 2. Nf3 d6 3. d4 cxd4 4. Nxd4 Nf6 5. Bd3 g6 6. O-O Bg7 7. c3 O-O 8. Nd2
Nc6 9. Nxc6 bxc6 10. Nb3 Qc7 11. Qc2 d5 12. exd5 cxd5 13. Be2 Rd8 14. Rd1 Bb7
15. Bg5 a5 16. a4 Ba6 17. Rac1 e6 18. Nd4 Rdb8 19. Bxa6 Rxa6 20. Nb5 Qc6 21.
Be3 Ne4 22. b3 Nd6 23. c4 Raa8 24. Nxd6 Qxd6 25. cxd5 exd5 26. g3 Qe6 27. Qd3
d4 28. Bd2 Qxb3 29. Qc4 h5 30. Be1 Qb7 31. h4 Rc8 32. Qd3 Qd7 33. Rc4 Rxc4 34.
Qxc4 Rc8 35. Qa6 Rc5 36. Qb6 Qxa4 37. Rb1 Rf5 38. Rc1 g5 39. hxg5 Qb5 40. Rc8+
Kh7 41. Qxb5 Rxb5 42. f4 a4 43. Ra8 Rb1 44. Kf2 Rb2+ 45. Kf3 Rb3+ 46. Ke2 a3
47. f5 d3+ 48. Ke3 Bb2 49. Bd2 Rb5 50. g6+ fxg6 51. fxg6+ Kxg6 52. Kxd3 Rb3+
53. Ke2 Rxg3 54. Rg8+ Bg7 55. Ra8 Kf5 56. Kf2 Be5 57. Be3 h4 58. Rxa3 h3
1/2-1/2

[Event "14. Lichtenberger Sommer"]
[Site "14. Lichtenberger Sommer"]
[Date "2015.08.17"]
[Round "3.92"]
[White "Kohlmeyer, Dagobert"]
[Black "Baumgaertner, Andre"]
[Result "1-0"]
[WhiteElo "1867"]
[BlackElo "1783"]
[PlyCount "85"]
[EventDate "2015.??.??"]
[WhiteTeam "SC Rochade (Berlin)"]
[BlackTeam "SC Friesen Lichtenberg"]

1. e4 e5 2. Nf3 Nf6 3. d4 exd4 4. e5 Bb4+ 5. Bd2 Bxd2+ 6. Qxd2 Qe7 7. Bd3 Nc6
8. O-O Ng4 9. Re1 O-O 10. h3 Nh6 11. Qf4 f6 12. Bc4+ Kh8 13. exf6 Qxf6 14. Qxf6
gxf6 15. Nbd2 d6 16. Bb5 Nb4 17. Nxd4 c5 18. c3 Nd5 19. N4f3 Bf5 20. Bc4 Nb6
21. Re7 d5 22. Bb5 Rf7 23. Rxf7 Nxf7 24. Re1 Nd6 25. Bf1 Ne4 26. Nxe4 Bxe4 27.
Nd2 Re8 28. b3 Bg6 29. Rxe8+ Bxe8 30. Bd3 Bg6 31. Be2 a6 32. f4 Kg7 33. g4 h6
34. Kf2 Nd7 35. Bf3 Bf7 36. a4 b6 37. Be2 Nb8 38. Ke3 a5 39. Bb5 Kf8 40. c4 Ke7
41. h4 Ke6 42. cxd5+ Kd6 43. Ne4+ 1-0

[Event "14. Lichtenberger Sommer"]
[Site "14. Lichtenberger Sommer"]
[Date "2015.08.17"]
[Round "3.93"]
[White "Stiemerling, Andreas"]
[Black "Toth, Hans-Jürgen"]
[Result "1-0"]
[WhiteElo "1761"]
[BlackElo "1571"]
[PlyCount "94"]
[EventDate "2015.??.??"]
[WhiteTeam "SSV Rotation Berlin"]
[BlackTeam "SF Zehdenick"]

1. c4 f5 2. d4 e6 3. Bf4 Nf6 4. Nf3 c6 5. g3 d5 6. Nbd2 Bb4 7. Rc1 Ne4 8. a3
Bxd2+ 9. Nxd2 O-O 10. Bg2 Nd7 11. Qb3 Ndf6 12. Nf3 Qa5+ 13. Nd2 Nxd2 14. Bxd2
Qd8 15. f3 a5 16. O-O a4 17. Qd3 Bd7 18. e4 fxe4 19. fxe4 Be8 20. Bb4 Rf7 21.
e5 Nh5 22. Bd2 Rxf1+ 23. Rxf1 Bg6 24. Qc3 Bf5 25. Bf3 Nxg3 26. hxg3 Qe7 27.
cxd5 exd5 28. Bxd5+ Be6 29. Bxe6+ Qxe6 30. Qb4 b5 31. Kg2 Qd5+ 32. Kg1 Rc8 33.
Qc5 Qb3 34. Bc3 Qe6 35. Kg2 h6 36. Bb4 Qb3 37. Rf8+ Rxf8 38. Qxf8+ Kh7 39. Qf5+
Kg8 40. Qf2 Qd5+ 41. Kh2 Qf7 42. Qxf7+ Kxf7 43. Kg2 g6 44. Kf3 Ke6 45. Ke4 g5
46. g4 h5 47. gxh5 g4 1-0

[Event "14. Lichtenberger Sommer"]
[Site "14. Lichtenberger Sommer"]
[Date "2015.08.17"]
[Round "3.94"]
[White "Kostanyan, Hakob"]
[Black "Wolff, Marie Antoinette"]
[Result "0-1"]
[WhiteElo "1583"]
[BlackElo "1643"]
[PlyCount "96"]
[EventDate "2015.??.??"]
[WhiteTeam "SC Weisse Dame (Berlin)"]
[BlackTeam "Leegebrucher SF"]

1. e4 c5 2. Nf3 Nc6 3. d4 cxd4 4. Nxd4 d6 5. Be3 Nf6 6. Nc3 g6 7. Bc4 Bg7 8. f3
O-O 9. Qd2 Bd7 10. g4 Rc8 11. Bb3 a6 12. O-O-O Na5 13. Kb1 b5 14. h4 h5 15.
gxh5 Nxh5 16. f4 e5 17. Nde2 Nxb3 18. axb3 exf4 19. Bxf4 Bg4 20. Rdg1 Bxe2 21.
Nxe2 Qf6 22. Qc1 Rfe8 23. Bh6 Rxe4 24. Bxg7 Kxg7 25. Rf1 Qe7 26. Nf4 Ng3 27. h5
Nxf1 28. Rxf1 Rf8 29. h6+ Kh7 30. Nd5 Qe6 31. Nf6+ Kh8 32. Nxe4 Qxe4 33. Qg5
Kh7 34. Qd2 Qe5 35. Re1 Qf6 36. Rh1 Rd8 37. Rh2 Re8 38. Rf2 Qe6 39. Qf4 Rf8 40.
Rd2 Qe5 41. Qh4 f5 42. Rd1 Qf6 43. Qf4 Qe5 44. Qh4 Re8 45. c4 bxc4 46. Qxc4
Qe4+ 47. Qxe4 fxe4 48. Kc2 Re6 0-1

[Event "14. Lichtenberger Sommer"]
[Site "14. Lichtenberger Sommer"]
[Date "2015.08.17"]
[Round "3.95"]
[White "Schmidt, Rico"]
[Black "Sauer, Jakob"]
[Result "1-0"]
[WhiteElo "1828"]
[BlackElo "1404"]
[PlyCount "93"]
[EventDate "2015.??.??"]
[WhiteTeam "SG Weißensee 49"]
[BlackTeam "Schachunion Berlin"]

1. Nf3 d5 2. c4 e6 3. e3 Nf6 4. Nc3 c5 5. cxd5 exd5 6. d4 b6 7. b3 Nc6 8. Bb5
Bd7 9. dxc5 Bxc5 10. Nxd5 Bb4+ 11. Nxb4 Nxb4 12. Bxd7+ Qxd7 13. Qxd7+ Nxd7 14.
O-O O-O 15. Ba3 a5 16. Bxb4 axb4 17. Rfd1 Nc5 18. Nd4 h6 19. Nc6 Na6 20. Rd4
Kh7 21. Nxb4 Nxb4 22. Rxb4 Ra6 23. Kf1 Rc8 24. Rc4 Rxc4 25. bxc4 Ra4 26. Rb1
Rxc4 27. Rxb6 Rc1+ 28. Ke2 Rc2+ 29. Kf3 Rxa2 30. h4 g5 31. h5 Kg7 32. g4 Ra4
33. Rd6 Rc4 34. Rd4 Rc6 35. Ke4 Kf6 36. f4 Re6+ 37. Kf3 gxf4 38. Kxf4 Re5 39.
Rd6+ Re6 40. Rxe6+ fxe6 41. g5+ hxg5+ 42. Kg4 Kg7 43. Kxg5 e5 44. e4 Kh7 45.
Kf5 Kh6 46. Kxe5 Kxh5 47. Kf6 1-0

[Event "14. Lichtenberger Sommer"]
[Site "14. Lichtenberger Sommer"]
[Date "2015.08.17"]
[Round "3.96"]
[White "Franke, Philipp"]
[Black "Woinowski, Michael"]
[Result "0-1"]
[WhiteElo "1206"]
[BlackElo "1748"]
[PlyCount "52"]
[EventDate "2015.??.??"]
[WhiteTeam "SC Weisse Dame (Berlin)"]
[BlackTeam "SC Kreuzberg"]

1. d4 d5 2. c4 e6 3. Nc3 c5 4. e3 Nf6 5. Nf3 a6 6. a4 Nc6 7. Bd3 Be7 8. O-O O-O
9. Re1 h6 10. dxc5 Bxc5 11. cxd5 exd5 12. h3 Re8 13. Bb1 Be6 14. Nd4 Qd7 15.
Nxe6 Qxe6 16. Ba2 Nb4 17. Bb3 Qe5 18. Na2 Nc6 19. Nc3 d4 20. f4 Qd6 21. Nb1
Rad8 22. Qf3 d3 23. Bd2 Nb4 24. Na3 Nc2 25. Nxc2 dxc2 26. Rac1 Qxd2 0-1

[Event "14. Lichtenberger Sommer"]
[Site "14. Lichtenberger Sommer"]
[Date "2015.08.17"]
[Round "3.97"]
[White "Zesewitz, Maik"]
[Black "Wilke, Hans-Peter"]
[Result "0-1"]
[WhiteElo "1652"]
[BlackElo "1655"]
[PlyCount "41"]
[EventDate "2015.??.??"]
[WhiteTeam "SF Friedrichshagen"]
[BlackTeam "Läufer Reinickendorf"]

1. f4 f5 2. Nf3 Nf6 3. e3 e6 4. b3 b6 5. Bb2 Bb7 6. Be2 Be7 7. O-O O-O 8. Qe1
Qe8 9. Qg3 Nh5 10. Qh3 Bf6 11. Nc3 d6 12. Ng5 g6 13. g4 fxg4 14. Bxg4 Bxg5 15.
fxg5 Ng7 16. Rxf8+ Qxf8 17. Rf1 Qe7 18. Ne2 Qxg5 19. Bf6 Qc5 20. d4 Qc6 21. Qh6
0-1

[Event "14. Lichtenberger Sommer"]
[Site "14. Lichtenberger Sommer"]
[Date "2015.08.17"]
[Round "3.98"]
[White "Allaart, Janne"]
[Black "Janse, Sebastaan"]
[Result "0-1"]
[WhiteElo "1454"]
[BlackElo "1725"]
[PlyCount "112"]
[EventDate "2015.??.??"]
[WhiteTeam "HMC Den Bosch"]
[BlackTeam "SSV Klim-Op"]

1. e4 d6 2. d4 Nf6 3. Nc3 g6 4. Bc4 Bg7 5. Nf3 c6 6. e5 dxe5 7. dxe5 Qxd1+ 8.
Kxd1 Ng4 9. Ke2 Nxe5 10. Nxe5 Bxe5 11. Bh6 Bf5 12. Bd3 Bxd3+ 13. Kxd3 Na6 14.
Ke2 Nb4 15. Kd1 O-O-O+ 16. Kc1 f6 17. a3 Nd5 18. Nxd5 Rxd5 19. Be3 Bd4 20. Bxd4
Rxd4 21. Re1 e5 22. c3 Rd3 23. Kc2 Rhd8 24. Re2 R8d7 25. f3 Kd8 26. Rc1 Ke7 27.
Kb3 Rd2 28. Rxd2 Rxd2 29. Rc2 Rxc2 30. Kxc2 Ke6 31. Kd3 Kf5 32. Ke3 h5 33. g3
g5 34. h4 gxh4 35. gxh4 b6 36. c4 e4 37. f4 a6 38. b3 Kg4 39. Kxe4 Kxh4 40. Kf3
f5 41. b4 b5 42. c5 Kh3 43. Ke3 Kg3 44. Kd4 Kxf4 45. Kd3 h4 46. Ke2 Ke4 47. Kf2
f4 48. Ke2 h3 49. Kf2 f3 50. Kg1 Ke3 51. Kh2 f2 52. Kxh3 f1=Q+ 53. Kg3 Qg1+ 54.
Kh4 Qg6 55. Kh3 Kf3 56. Kh2 Qg2# 0-1

[Event "14. Lichtenberger Sommer"]
[Site "14. Lichtenberger Sommer"]
[Date "2015.08.17"]
[Round "3.99"]
[White "Weiß, Daniel"]
[Black "Gnaß, Erhard"]
[Result "1-0"]
[WhiteElo "1741"]
[BlackElo "1510"]
[PlyCount "87"]
[EventDate "2015.??.??"]
[WhiteTeam "SF Nordost Berlin"]
[BlackTeam "SK Zehlendorf"]

1. d4 Nf6 2. Nf3 d5 3. Bf4 g6 4. h3 Nc6 5. e3 e6 6. c3 Bg7 7. Bd3 O-O 8. O-O a6
9. Nbd2 Na7 10. Ne5 Nc6 11. Nxc6 bxc6 12. Nf3 Nh5 13. Bh2 Nf6 14. Ne5 Bd7 15.
f4 Ne4 16. Qe2 f5 17. Bxa6 Bxe5 18. fxe5 Qe7 19. Bd3 Rab8 20. Bxe4 fxe4 21.
Rxf8+ Rxf8 22. Rf1 c5 23. Rxf8+ Kxf8 24. Qf2+ Ke8 25. Qf6 Qxf6 26. exf6 cxd4
27. cxd4 c6 28. Bd6 Bc8 29. g4 Ba6 30. g5 Bc4 31. a4 Be2 32. Kf2 Ba6 33. Ke1
Bc8 34. Kd2 e5 35. dxe5 Bxh3 36. Kc3 Be6 37. Kd4 Kd7 38. Bb4 Ke8 39. Kc5 Bc8
40. a5 Ba6 41. Kxc6 d4 42. exd4 e3 43. e6 e2 44. f7+ 1-0

[Event "14. Lichtenberger Sommer"]
[Site "14. Lichtenberger Sommer"]
[Date "2015.08.17"]
[Round "3.100"]
[White "Bartoszewski-Reiski, Olaf"]
[Black "Heuser, Philip"]
[Result "0-1"]
[WhiteElo "1383"]
[BlackElo "2111"]
[PlyCount "56"]
[EventDate "2015.??.??"]
[WhiteTeam "BKS Chemik Bydgoszcz"]
[BlackTeam "Münchener SC"]

1. e4 c5 2. Nf3 d6 3. d4 cxd4 4. Nxd4 Nf6 5. Nc3 e6 6. g4 Nc6 7. g5 Nd7 8. Ndb5
Nde5 9. f4 Ng6 10. h4 Be7 11. Be3 a6 12. Nd4 Nxd4 13. Qxd4 O-O 14. h5 Nxf4 15.
Bxf4 e5 16. Bxe5 dxe5 17. Qxe5 Bxg5 18. Nd5 Re8 19. Qd4 f5 20. Qc3 Qxd5 21. Bg2
Rxe4+ 22. Bxe4 Qxe4+ 23. Kf2 Bh4+ 24. Kg1 Be6 25. Rd1 Rc8 26. Qh3 Rxc2 27. Rh2
Rxh2 28. Qxh2 Qg4+ 0-1

[Event "14. Lichtenberger Sommer"]
[Site "14. Lichtenberger Sommer"]
[Date "2015.08.17"]
[Round "3.101"]
[White "Scholta, Danilo"]
[Black "Kaufmann, Matthias"]
[Result "1-0"]
[WhiteElo "1861"]
[BlackElo "1541"]
[PlyCount "25"]
[EventDate "2015.??.??"]
[WhiteTeam "SV Empor Berlin"]
[BlackTeam "vereinslos"]

1. e4 c5 2. d4 cxd4 3. c3 e5 4. Nf3 Nc6 5. Bc4 h6 6. cxd4 exd4 7. O-O Bd6 8.
Nxd4 Nxd4 9. Qxd4 Bf8 10. Nc3 Nf6 11. e5 Nh7 12. Qd5 Qe7 13. Nb5 1-0

[Event "14. Lichtenberger Sommer"]
[Site "14. Lichtenberger Sommer"]
[Date "2015.08.17"]
[Round "3.102"]
[White "Schilly, Hans-Joachim"]
[Black "Stoffel, Patrick"]
[Result "0-1"]
[WhiteElo "1839"]
[BlackElo "1310"]
[PlyCount "102"]
[EventDate "2015.??.??"]
[WhiteTeam "SF Siemensstadt"]
[BlackTeam "vereinslos"]

1. c4 e5 2. Nc3 Nf6 3. Nf3 Nc6 4. e4 Bc5 5. Be2 O-O 6. O-O Nd4 7. d3 Re8 8. Rb1
c6 9. Nxd4 Bxd4 10. Bg5 Re6 11. Bg4 Rd6 12. Bf5 Qc7 13. Ne2 c5 14. Ng3 b6 15.
Kh1 Bb7 16. Qe2 g6 17. Bh3 Kg7 18. f4 Rf8 19. Bxf6+ Rxf6 20. f5 d6 21. Qg4 Kh8
22. Qg5 Qe7 23. Qd2 Kg7 24. Ne2 Bc6 25. g4 h6 26. g5 hxg5 27. Qxg5 Rh8 28. Bg2
Rh5 29. Qg4 Bd7 30. Ng3 Rh6 31. Qg5 Qd8 32. Ne2 Rh5 33. Qg3 Qh8 34. Nxd4 cxd4
35. b4 Qh6 36. Bf3 Rg5 37. Qf2 gxf5 38. Rg1 Rfg6 39. c5 dxc5 40. Rxg5 Rxg5 41.
bxc5 bxc5 42. Rb7 Rg6 43. Qf1 Be6 44. Rxa7 Qf4 45. Qd1 fxe4 46. Bxe4 Bf5 47.
Bd5 Be6 48. Bxe6 Rxe6 49. Rc7 Rh6 50. Qg1+ Rg6 51. Qd1 Qf2 0-1

[Event "14. Lichtenberger Sommer"]
[Site "14. Lichtenberger Sommer"]
[Date "2015.08.17"]
[Round "3.103"]
[White "Kretzschmar, Jan"]
[Black "Wahner, Eberhard"]
[Result "0-1"]
[WhiteElo "1830"]
[BlackElo "1350"]
[PlyCount "228"]
[EventDate "2015.??.??"]
[WhiteTeam "SC Kreuzberg"]
[BlackTeam "SC Eintracht Berlin e.V."]

1. e4 e6 2. d4 d5 3. e5 c5 4. c3 Nc6 5. Nf3 Nge7 6. Na3 a6 7. Be2 Ng6 8. Nc2
Be7 9. O-O O-O 10. Nfe1 cxd4 11. cxd4 f6 12. f4 Bd7 13. Nf3 fxe5 14. fxe5 Qb6
15. Kh1 Rac8 16. Rb1 Qc7 17. Bd3 Nf4 18. Bxf4 Rxf4 19. Qe1 Rcf8 20. Qg3 Qd8 21.
Qh3 h6 22. Bg6 Bg5 23. Rg1 Ne7 24. Bd3 Nf5 25. Bxf5 R4xf5 26. Rge1 Qe8 27. Nxg5
Rxg5 28. Rf1 Rgf5 29. Rxf5 Rxf5 30. Ne3 Rf2 31. Qg3 Qf7 32. h3 Bb5 33. Kg1 Rd2
34. Ng4 Kh8 35. Qc3 Rd3 36. Qc8+ Kh7 37. Qc2 Qg6 38. Rd1 Rxd1+ 39. Qxd1 Qe4 40.
Nh2 Qe3+ 41. Kh1 Qf2 42. Qb1+ Kh8 43. Nf3 Be2 44. Qg1 Qg3 45. Qe1 Qxe1+ 46.
Nxe1 Kg8 47. Kg1 Kf7 48. Kf2 Bb5 49. h4 Kg6 50. g4 a5 51. a3 h5 52. g5 Kf5 53.
Kf3 Bc4 54. Ng2 Bb3 55. Ne3+ Kg6 56. Kf4 Kf7 57. Nf1 g6 58. Nd2 Ba4 59. Nb1 Bd7
60. Ke3 Ke7 61. Kd2 Kd8 62. Kc3 Kc7 63. b4 b6 64. bxa5 bxa5 65. Kb3 Kb6 66. Nc3
Ka6 67. Ne2 Be8 68. Nf4 Bf7 69. Nd3 Kb6 70. Nc5 Kb5 71. Nb7 Ka6 72. Nd6 Bg8 73.
Ka4 Kb6 74. Nc8+ Ka6 75. Ne7 Bf7 76. Kb3 Be8 77. Nc8 Bd7 78. Nd6 Kb6 79. Kc3
Ka6 80. Nf7 Kb6 81. Kb3 Ka6 82. Nd6 Kb6 83. Nf7 Ka6 84. Nd8 Kb6 85. Nf7 Ka6 86.
Nh6 Kb6 87. Ng8 Ka6 88. Nf6 Bc6 89. Kc3 Kb6 90. Kd3 Ka6 91. Ke3 Kb5 92. Nxh5
gxh5 93. g6 Be8 94. g7 Bf7 95. Kf4 Ka4 96. Kg5 Kxa3 97. Kf6 Bg8 98. Ke7 Kb2 99.
Kf8 Bh7 100. Kf7 a4 101. Kxe6 a3 102. Kf7 a2 103. e6 a1=Q 104. e7 Qf1+ 105. Ke6
Qf5+ 106. Kd6 Qf7 107. Kd7 Bg6 108. Kd6 Qxg7 109. Kxd5 Qxe7 110. Kc6 Be4+ 111.
Kb5 Qc7 112. Ka4 Qb6 113. d5 Bd3 114. d6 Qb5# 0-1

[Event "14. Lichtenberger Sommer"]
[Site "14. Lichtenberger Sommer"]
[Date "2015.08.17"]
[Round "3.104"]
[White "Schmole-Rostosky, Joachim"]
[Black "Bollenbach, Horst"]
[Result "0-1"]
[WhiteElo "1598"]
[BlackElo "1736"]
[PlyCount "62"]
[EventDate "2015.??.??"]
[WhiteTeam "SF SW Merzhausen"]
[BlackTeam "SC Friesen Lichtenberg"]

1. e4 c5 2. d3 Nc6 3. Nd2 g6 4. Ngf3 Bg7 5. g3 e6 6. Bg2 Nge7 7. O-O O-O 8. Re1
b6 9. c3 Bb7 10. Nf1 Qc7 11. Nh4 d5 12. f4 dxe4 13. dxe4 Rad8 14. Qc2 Ba6 15.
e5 Bd3 16. Qf2 Rd7 17. Nd2 Rfd8 18. Ne4 Bxe4 19. Bxe4 Na5 20. b3 b5 21. Be3 c4
22. b4 Nac6 23. Nf3 Nd5 24. Bd2 Nb6 25. Qc5 Nd5 26. Qxb5 Qb6+ 27. Qxb6 axb6 28.
a4 Bf8 29. Rec1 Nce7 30. Nd4 Nxb4 31. Be3 Nbd5 0-1

[Event "14. Lichtenberger Sommer"]
[Site "14. Lichtenberger Sommer"]
[Date "2015.08.17"]
[Round "3.105"]
[White "Jiranek, Benno"]
[Black "Reck, Jessica"]
[Result "0-1"]
[WhiteElo "1454"]
[BlackElo "1655"]
[PlyCount "92"]
[EventDate "2015.??.??"]
[WhiteTeam "SC Kreuzberg"]
[BlackTeam "VfB Hermsdorf"]

1. d4 Nf6 2. c4 g6 3. Nc3 Bg7 4. e4 d6 5. h3 O-O 6. Bg5 c5 7. d5 e6 8. Bd3 exd5
9. cxd5 Re8 10. Nge2 a6 11. a4 Nbd7 12. O-O Ne5 13. Bc2 Rb8 14. Bc1 b5 15. axb5
axb5 16. f4 Nc4 17. b3 Na5 18. Ng3 Nxd5 19. exd5 Bxc3 20. Rb1 Bd4+ 21. Kh2 f5
22. Qf3 Bd7 23. Bb2 Re3 24. Qd1 Qh4 25. Rf3 Rxf3 26. Qxf3 Bxb2 27. Rxb2 Qf6 28.
Rb1 Re8 29. Ne2 Qe7 30. Re1 Qe3 31. Qxe3 Rxe3 32. Bd1 Kf7 33. Rg1 Nxb3 34. g4
Nd2 35. gxf5 Nf3+ 36. Kg2 Nxg1 37. Nxg1 Bxf5 38. Bg4 Bxg4 39. hxg4 Rd3 40. Ne2
Rxd5 41. Nc3 Rd2+ 42. Kf1 b4 43. Ne4 Rd5 44. Ke2 h5 45. gxh5 gxh5 46. Ng5+ Rxg5
0-1

[Event "14. Lichtenberger Sommer"]
[Site "14. Lichtenberger Sommer"]
[Date "2015.08.17"]
[Round "3.106"]
[White "Lippianowski, Stefan"]
[Black "Paris, Gerhard"]
[Result "0-1"]
[WhiteElo "1152"]
[BlackElo "1530"]
[PlyCount "94"]
[EventDate "2015.??.??"]
[WhiteTeam "SV Mattnetz Berlin"]
[BlackTeam "TSG Oberschöneweide"]

1. e4 e5 2. Nf3 d6 3. h3 Nf6 4. Ng5 h6 5. Nf3 Nxe4 6. d4 Nc6 7. Bb5 Bd7 8. Nc3
Nxc3 9. bxc3 e4 10. Qe2 d5 11. c4 Bb4+ 12. Bd2 Bxd2+ 13. Nxd2 Nxd4 14. Qd1 Nxb5
15. cxb5 Bxb5 16. Rb1 Ba6 17. c4 O-O 18. O-O dxc4 19. Re1 c3 20. Nxe4 Qxd1 21.
Rbxd1 Rad8 22. Nxc3 Rxd1 23. Rxd1 c6 24. Ne4 Re8 25. Nd6 Re2 26. a4 Ra2 27. Re1
Kh7 28. Re7 Rxa4 29. Nxf7 c5 30. Nd6 Rf4 31. g3 Rf6 32. Ne4 Rc6 33. Nc3 Kg8 34.
Re8+ Kf7 35. Ra8 Ke6 36. f4 Kd7 37. Rxa7 Rc8 38. Kf2 Kc6 39. Na4 Kb5 40. Rxa6
Kxa6 41. Nc3 b5 42. Nd5 b4 43. Ke2 b3 44. Nc3 c4 45. Kd2 Rd8+ 46. Kc1 Rd3 47.
Ne2 c3 0-1

[Event "14. Lichtenberger Sommer"]
[Site "14. Lichtenberger Sommer"]
[Date "2015.08.17"]
[Round "3.107"]
[White "Pöltelt, Helmut"]
[Black "Lange, Johannes Friedrich"]
[Result "1/2-1/2"]
[WhiteElo "1752"]
[BlackElo "1506"]
[PlyCount "82"]
[EventDate "2015.??.??"]
[WhiteTeam "SC Eintracht Berlin"]
[BlackTeam "Schachunion Berlin"]

1. e4 e5 2. Nf3 Nc6 3. Bb5 a6 4. Ba4 d6 5. c3 Bd7 6. O-O Nf6 7. d3 Be7 8. Nbd2
O-O 9. h3 Re8 10. Re1 b5 11. Bc2 Bf8 12. Nf1 d5 13. Bg5 dxe4 14. dxe4 Be7 15.
Ng3 h6 16. Bxf6 Bxf6 17. Qe2 Qe7 18. Nh5 Bg5 19. Rad1 Rad8 20. Nxg5 Qxg5 21.
Rd3 Be6 22. Rg3 Qh4 23. Nxg7 Qxg3 24. fxg3 Kxg7 25. b3 Rd6 26. Rd1 Red8 27.
Rxd6 Rxd6 28. g4 b4 29. Qe3 a5 30. Kf1 bxc3 31. Qxc3 a4 32. Ke1 axb3 33. axb3
Nd4 34. Bd1 Rc6 35. Qb2 Bxb3 36. Bxb3 Rb6 37. Qc3 Rxb3 38. Qxc7 Rb1+ 39. Kf2
Rb2+ 40. Kf1 Rb1+ 41. Kf2 Rb2+ 1/2-1/2

[Event "14. Lichtenberger Sommer"]
[Site "14. Lichtenberger Sommer"]
[Date "2015.08.17"]
[Round "3.108"]
[White "Ho, Ngoc Hai-Dang"]
[Black "Hesselbarth, Karlheinz"]
[Result "0-1"]
[WhiteElo "1264"]
[BlackElo "1732"]
[PlyCount "74"]
[EventDate "2015.??.??"]
[WhiteTeam "Schachunion Berlin"]
[BlackTeam "SC Zugzwang 95 (Berlin)"]

1. e4 c5 2. Nf3 e6 3. d4 cxd4 4. Nxd4 Nf6 5. Nc3 Bb4 6. Bd3 Nc6 7. Nxc6 dxc6 8.
Bg5 Qa5 9. Bd2 O-O 10. a3 Be7 11. f4 Qc7 12. e5 Nd7 13. Qh5 g6 14. Qh3 Nc5 15.
Ne4 Nxe4 16. Bxe4 Bd7 17. O-O-O Rad8 18. g4 f5 19. exf6 Bxf6 20. g5 Bg7 21. Bc3
Qxf4+ 22. Rd2 Qxe4 23. Rhd1 Rf7 24. Bxg7 Kxg7 25. Qd3 Qxd3 26. Rxd3 Kf8 27. b4
Ke8 28. c4 Rc8 29. c5 Rc7 30. Kb2 Rf5 31. h4 Rd5 32. Rxd5 cxd5 33. Kb3 Bb5 34.
Re1 Ke7 35. Rh1 e5 36. h5 Bd3 37. hxg6 Bxg6 0-1

[Event "14. Lichtenberger Sommer"]
[Site "14. Lichtenberger Sommer"]
[Date "2015.08.17"]
[Round "3.109"]
[White "Schröder, Ralf"]
[Black "Fock, Amina"]
[Result "0-1"]
[WhiteElo "1672"]
[BlackElo "1621"]
[PlyCount "54"]
[EventDate "2015.??.??"]
[WhiteTeam "Potsdamer SV Mitte e.V."]
[BlackTeam "SK International Berlin"]

1. b4 a5 2. b5 c6 3. c4 cxb5 4. cxb5 b6 5. e3 Nf6 6. Bb2 e6 7. Be2 Bb7 8. Bf3
Bxf3 9. Qxf3 Ra7 10. Bxf6 Qxf6 11. Qxf6 gxf6 12. Nc3 Bg7 13. Nge2 O-O 14. O-O
d5 15. Nd4 f5 16. Nce2 Rc8 17. Rac1 Rac7 18. Rc3 Bxd4 19. exd4 Rxc3 20. dxc3
Nd7 21. f4 Nf6 22. Rf3 Ne4 23. Rd3 Rc4 24. Rd1 Nxc3 25. Nxc3 Rxc3 26. Rd2 Rc4
27. a3 Rc3 0-1

[Event "14. Lichtenberger Sommer"]
[Site "14. Lichtenberger Sommer"]
[Date "2015.08.17"]
[Round "3.110"]
[White "Dittrich, Hans-Georg"]
[Black "Ziegel, Mandy Marie"]
[Result "1-0"]
[WhiteElo "1722"]
[BlackElo "1582"]
[PlyCount "71"]
[EventDate "2015.??.??"]
[WhiteTeam "SG Stadtilm"]
[BlackTeam "SC Zugzwang 95 (Berlin)"]

1. e4 d5 2. exd5 Qxd5 3. Nc3 Qd6 4. d4 Nf6 5. g3 Nc6 6. Nge2 Bg4 7. Bf4 Qd7 8.
Nb5 Nd5 9. Qd2 a6 10. Nbc3 O-O-O 11. O-O-O Nxc3 12. Qxc3 e6 13. Kb1 Qd5 14. Rg1
g5 15. Be3 Bb4 16. Qb3 Qd6 17. Bxg5 Rd7 18. h3 Bxe2 19. Bxe2 Nxd4 20. Bf6 Nxb3
21. Rxd6 Rxd6 22. Bxh8 Nd2+ 23. Kc1 Bc5 24. Bd3 Bxf2 25. Rg2 Be3 26. Rxd2 Bxd2+
27. Kxd2 c5 28. Ke2 h6 29. a4 Kd7 30. Bf6 Kc6 31. g4 b5 32. axb5+ axb5 33. b3
Rd7 34. h4 Kb6 35. h5 Rc7 36. Bd8 1-0

[Event "14. Lichtenberger Sommer"]
[Site "14. Lichtenberger Sommer"]
[Date "2015.08.17"]
[Round "3.111"]
[White "Fock, Sana"]
[Black "Prix, Siegfried"]
[Result "0-1"]
[WhiteElo "1532"]
[BlackElo "1715"]
[PlyCount "48"]
[EventDate "2015.??.??"]
[WhiteTeam "SK International Berlin"]
[BlackTeam "SF 1903 Berlin"]

1. e4 e5 2. Nf3 Nc6 3. d4 exd4 4. Nxd4 Bc5 5. Be3 Qf6 6. Nb5 Bxe3 7. fxe3 Qh4+
8. g3 Qd8 9. Qf3 d6 10. Nd4 Ne5 11. Qf2 Nf6 12. Bd3 O-O 13. h3 c5 14. Nf3 Bd7
15. Nc3 Bc6 16. O-O-O Qa5 17. Kb1 b5 18. Nd5 Nxd5 19. Nxe5 Nb4 20. Nxc6 Qxa2+
21. Kc1 Nxc6 22. e5 Nxe5 23. Be4 Nc4 24. Rdf1 Qa1# 0-1

[Event "14. Lichtenberger Sommer"]
[Site "14. Lichtenberger Sommer"]
[Date "2015.08.17"]
[Round "3.112"]
[White "Scholz, Felix"]
[Black "Hüls, Maximilian"]
[Result "0-1"]
[WhiteElo "1100"]
[BlackElo "1552"]
[PlyCount "76"]
[EventDate "2015.??.??"]
[WhiteTeam "vereinslos"]
[BlackTeam "SV Mattnetz Berlin"]

1. d4 d5 2. c4 Nc6 3. cxd5 Qxd5 4. e3 e5 5. Nc3 Bb4 6. a3 Bxc3+ 7. bxc3 exd4 8.
cxd4 Nf6 9. Nf3 O-O 10. Be2 Bf5 11. O-O Ne4 12. Bd3 Rfe8 13. Bd2 Nxf2 14. Rxf2
Bxd3 15. Bb4 Be4 16. Qd2 Nxb4 17. axb4 b6 18. Rc1 Rac8 19. Ne5 f6 20. Nc6 Qd7
21. b5 a5 22. Re2 Re6 23. d5 Qxd5 24. Qxd5 Bxd5 25. e4 Bxc6 26. bxc6 Rd8 27.
Kf2 Kf7 28. Kf3 Rdd6 29. Rec2 Rd4 30. g4 Rexe4 31. h3 Re5 32. Rg1 a4 33. Ra2 b5
34. Rb1 Rc4 35. Rd2 Rxc6 36. Rd7+ Kf8 37. Rbd1 Rc3+ 38. Kf4 g5# 0-1